000 00461nam a2200181Ia 4500
001 22919
005 20260414150902.0
008 260414t2020||||xx |||||||||||||| ||spa||
041 _aESP
082 _a624.171
_bV66
100 _aVillarreal Castro, Genner,
_eAUT
245 0 _aPrácticas y exámenes resueltos de análisis matricial
_b
260 _c2020
300 _a87 páginas :
_c29 cm.
650 _a0
654 _aCIC
942 _cLIB
_dJUS
_fJUS
_2ddc
_n
999 _c22919
_d22919